| 000 | 00547nam a22001697a 4500 | ||
|---|---|---|---|
| 005 | 20251108165821.0 | ||
| 008 | 250721s1999 xx 000 0 ara d | ||
| 082 | 1 | 4 | _a213/حمد |
| 100 | 1 | _aأبو حمدة، محمد علي | |
| 245 | 1 | 0 | _aفي العبور الحضاري للمكتبة العربية الإسلامية / |
| 264 | 1 |
_aعمان : _bدار عمار للنشر و التوزيع، _c1999. |
|
| 300 | _a120ص | ||
| 650 | 1 | 7 | _aالحديث الشريف |
| 650 | 1 | 7 | _aتدوين الحديث |
| 942 |
_2ddc _cBK |
||
| 999 |
_c32049 _d32049 |
||